Sports Quiz

Random Sports or NBA Quiz

NBA Team Point Leaders Quiz Stats

 Plays Quiz Updated Apr 28, 2019

Score 0/30 Timer 08:00
21 Plays Today
Team Player % Correct
Chicago BullsMichael Jordan
95%
Cleveland CavaliersLeBron James
89.3%
Utah JazzKarl Malone
84.9%
Los Angeles LakersKobe Bryant
83%
Minnesota TimberwolvesKevin Garnett
82.2%
Miami HeatDwyane Wade
79.8%
Indiana PacersReggie Miller
78.8%
Dallas MavericksDirk Nowitzki
76.6%
Oklahoma City ThunderRussell Westbrook
74.4%
Atlanta HawksDominique Wilkins
70.9%
Detroit PistonsIsiah Thomas
70.8%
New York KnicksPatrick Ewing
70.4%
Houston RocketsHakeem Olajuwon
70.4%
Milwaukee BucksKareem Abdul-Jabbar
68.2%
Golden State WarriorsWilt Chamberlain
65%
Team Player % Correct
Toronto RaptorsDeMar Derozan
65%
Memphis GrizzliesMike Conley
59.7%
Charlotte HornetsKemba Walker
58.7%
San Antonio SpursTim Duncan
57.1%
Portland Trail BlazersClyde Drexler
52.6%
Boston CelticsJohn Havlicek
47.6%
Denver NuggetsAlex English
39.2%
Sacramento KingsOscar Robertson
38.7%
Phoenix SunsWalter Davis
38.7%
Orlando MagicDwight Howard
37.6%
Brooklyn NetsBrook Lopez
27.6%
New Orleans PelicansAnthony Davis
26.7%
Washington WizardsElvin Hayes
22%
Los Angeles ClippersRandy Smith
21.9%
Philadelphia 76ersHal Greer
12.7%

You're not logged in!

Compare scores with friends on all Sporcle quizzes.
OR
Log In

Sporcle TV

Today on Sporcle TV


Watch our educational content, quiz creation guides, and fun videos on Sporcle TV.

Show Comments

Extras

Top Quizzes Today


Score Distribution

Your Account Isn't Verified!

In order to create a playlist on Sporcle, you need to verify the email address you used during registration. Go to your Sporcle Settings to finish the process.

Report this User

Report this user for behavior that violates our Community Guidelines.

Details: